000 00393nam a2200169Ia 4500
003 0STCL
008 150530s9999 xx 000 0 und d
040 _aSTCL
_cSTCL
100 _aElrod, S.L.; Stansfield,W.D.; Ed
245 _aTheory and Problems of Genetics
250 _aFourth
260 _c2003
546 _aEnglish
942 _2ddc
_cBK
999 _c35088
_d35088
005 20220125170340.0